[Event "EU-chT (Men) 11th"]
[Site "Pula"]
[Date "1997.05.??"]
[Round "5.1"]
[White "Akopian, Vladimir Eduardovic"]
[Black "Guliev, Sarhan"]
[Result "1-0"]
[WhiteElo "2655"]
[BlackElo "2425"]
[Annotator "Hecht,H"]
[PlyCount "105"]
[EventDate "1997.05.05"]
[EventType "team-swiss"]
[EventRounds "9"]
[EventCountry "CRO"]
[SourceTitle "CBM 057 Extra"]
[Source "ChessBase"]
[SourceDate "1997.05.01"]
[SourceVersion "1"]
[SourceVersionDate "1997.05.01"]
[SourceQuality "1"]
[WhiteTeam "Armenia"]
[BlackTeam "Azerbaijan"]
[WhiteTeamCountry "ARM"]
[BlackTeamCountry "AZE"]

1. d4 f5 2. g3 Nf6 3. Bg2 e6 4. Nf3 d5 5. O-O Bd6 6. c4 c6 7. b3 Qe7 8. Ne5 b6
9. cxd5 exd5 10. Bb2 Bb7 11. Qc2 O-O 12. Qxf5 Nfd7 13. Qh5 g6 14. Nxg6 hxg6 15.
Qxg6+ Kh8 16. Qh6+ Kg8 17. Qg6+ Kh8 18. e4 Ba6 19. Re1 Qf6 20. Qxf6+ Nxf6 21.
exd5 Bb4 22. Re6 Bc8 23. Rxf6 Rxf6 24. dxc6 Rf7 25. Nc3 Na6 26. Ne4 Bf5 27. d5+
Kg8 28. d6 Bxe4 29. Bxe4 Bxd6 30. Bd5 Nb4 31. Bxf7+ Kxf7 32. Rd1 Ke6 33. h4
Nxc6 34. Kg2 Be5 35. Re1 Kf6 36. Rxe5 Nxe5 37. f4 Kf5 38. Bxe5 Kg4 {[#]} 39. h5
Rc8 $6 {warum nicht den Bh5 nehmen?!} (39... Kxh5 40. Kf3 Rg8 41. f5 (41. Bf6
$5 {[%cal Yf6g5,Yg3g4] ist vielleicht besser, um nach Lg5 zu g4 zu kommen. Das
müßte näher untersucht werden. Ich könnte mir vorstellen, daß der Turm derweil
am Damenflügel Beute macht...}) 41... b5 42. Ke4 Kg5 43. f6 Kg6 44. Kd5 Kf7 45.
Kc5 Re8 $132 {[%csl Ra2]}) 40. h6 Rc2+ 41. Kg1 Rc1+ 42. Kf2 Rh1 43. Bg7 Kf5 44.
Kg2 Rh5 45. Kf3 Rh3 46. Bf8 b5 47. b4 a6 48. Bg7 $22 Kg6 49. Kg2 Rh5 50. g4 Rh4
51. Kf3 Rh2 52. f5+ Kg5 53. Ke4 {[%cal Re4d5,Rd5e6,Re6f7,Rf7g8,Rd5c6,Rc6b6,
Rb6a6] Weiß kann sich den Gewinn aussuchen, nachdem die schwarzen Figuren
unbeweglich geworden sind.} 1-0

[Event "Mitropa Cup 21st"]
[Site "Leipzig"]
[Date "2002.05.03"]
[Round "1.3"]
[White "Doettling, Fabian"]
[Black "Kovacevic, Blazimir"]
[Result "1-0"]
[WhiteElo "2540"]
[BlackElo "2461"]
[Annotator "Hecht,H"]
[PlyCount "125"]
[EventDate "2002.05.03"]
[EventType "team-tourn"]
[EventRounds "9"]
[EventCountry "GER"]
[SourceTitle "CBM 089"]
[Source "ChessBase"]
[SourceDate "2002.08.12"]
[SourceVersion "1"]
[SourceVersionDate "2002.08.12"]
[SourceQuality "1"]
[WhiteTeam "Germany"]
[BlackTeam "Croatia"]
[WhiteTeamCountry "GER"]
[BlackTeamCountry "CRO"]

1. d4 e6 2. c4 f5 3. g3 Nf6 4. Bg2 d5 5. Nh3 c6 6. O-O Bd6 7. Qc2 O-O 8. Bf4
Be7 9. Nd2 h6 10. Bxb8 Rxb8 11. Nf4 Qe8 12. Nf3 Bd6 13. Nd3 b6 14. b4 Ba6 15.
c5 bxc5 16. bxc5 Bc7 17. Rab1 Rxb1 18. Rxb1 Qa8 19. Nfe5 Bxd3 20. Nxd3 Rb8 21.
Rxb8+ Qxb8 22. Qb3 Qxb3 23. axb3 {schlechtere schwarze Bauernstruktur 
(Schwächen c6 und a7 bzw.a5), passive schwarze Leichtfiguren und weißer
Raumvorteil. Spielverlauf: Ausbau Raumvorteil, Angriff auf Bauernschwächen,
Lavieren.} Nd7 24. e3 Kf8 25. f4 a5 26. Bf3 g6 27. Kf2 Nb8 28. Be2 Ke7 29. Ne5
g5 $6 (29... Bxe5 $2 30. fxe5 $16 {[%csl Ra5,Ya6,Ye2,Yg5][%cal Gf2e1,Ge1d2,
Gd2c2,Gc2b2,Gb2a3,Ga3a4,Gb8d7,Gd7f8,Gf8h7,Gh7g5,Gg5e4,Gh2h4]}) (29... Kf6 $142)
30. h3 Kf6 31. Ke1 Ke7 32. Kd2 gxf4 33. exf4 Bd8 34. Kc3 Bc7 35. Bd3 Kf6 36. g4
fxg4 37. hxg4 Bd8 38. Kd2 Kg7 39. Ke3 Bc7 40. Nf3 Kf6 41. Ne5 Kg7 42. Kf3 Bd8
43. Kg3 Bf6 44. Kf2 Bh4+ 45. Ke3 Bd8 46. Nf3 Bc7 47. Bf1 Kg6 48. g5 hxg5 49.
Nxg5 Kf6 50. Bh3 e5 51. dxe5+ Bxe5 52. fxe5+ Kxg5 {starker L vs schwachen S}
53. Kd4 Kg6 (53... Na6 54. Bd7 Nb4 55. Bxc6 Nxc6+ 56. Kxd5 $18) 54. Be6 Kg7 55.
Bxd5 $1 Kf8 56. Bc4 Nd7 57. Be6 Nb8 58. Bc8 $18 {[%csl Ya6,Rb8,Yd7]} Ke7 59. e6
Kd8 60. Bb7 Kc7 61. Ke5 Kxb7 62. e7 Nd7+ 63. Kf5 1-0

[Event "RUS-Cup01 Chigorin Memorial"]
[Site "St Petersburg"]
[Date "1997.11.04"]
[Round "4"]
[White "Burmakin, Vladimir"]
[Black "Totsky, Leonid"]
[Result "1-0"]
[WhiteElo "2550"]
[BlackElo "2485"]
[Annotator "Hecht,H"]
[PlyCount "167"]
[EventDate "1997.11.01"]
[EventType "swiss"]
[EventRounds "9"]
[EventCountry "RUS"]
[SourceTitle "CBM 062"]
[Source "ChessBase"]
[SourceDate "1998.01.31"]
[SourceVersion "1"]
[SourceVersionDate "1998.01.31"]
[SourceQuality "1"]

1. d4 e6 2. c4 f5 3. g3 Nf6 4. Bg2 c6 5. Nf3 d5 6. O-O Bd6 7. Nc3 O-O 8. Qc2
Bd7 9. b3 Be8 10. Na4 Ne4 11. Nb2 Nd7 12. Nd3 Qe7 13. Rb1 Bf7 14. Nfe5 Rac8 15.
c5 Bxe5 16. dxe5 Nexc5 17. Ba3 b6 18. Rfc1 Rfd8 19. Nxc5 Nxc5 20. Bxc5 bxc5 21.
Qxc5 Qc7 22. f4 Qb6 23. b4 Be8 24. e3 Qxc5 25. Rxc5 Rb8 26. a3 Rb6 27. Bf1 Kf8
28. Rd1 Ke7 29. Kf2 Bd7 30. Be2 Rg8 31. Ra5 Rb7 32. Rc1 Rgb8 33. Bd1 Rc7 34.
Rac5 Rb6 35. Be2 Kd8 36. Ke1 Rcb7 37. Kd2 Rb8 38. Rg1 Ke7 39. g4 g6 40. Kc3
fxg4 41. Rxg4 Rf8 42. Bd3 Be8 43. h4 Rg8 44. Kd4 Rg7 45. Ra5 Rb7 46. Rg1 Kd8
47. Rc1 Rb6 48. Rac5 Rgb7 49. Rg1 Rg7 50. Ra5 Kc8 51. Bf1 Re7 52. Rc5 Kd8 53.
Bd3 Rg7 54. h5 Rbb7 55. hxg6 hxg6 56. Rc2 Rg8 57. Rcg2 Rbg7 58. Rg5 Kc7 59. Kc5
Kd7 60. R1g4 Kc7 61. Rg2 Kd7 62. a4 Kc7 63. Rg1 Kd7 64. e4 dxe4 65. Bxe4 Ke7
66. Bxc6 Bxc6 67. Kxc6 {[#] Mehrbauer und starker Raumvorteil für Weiß sowie
schwarze Bauernschwächen. Der König wird von a6 aus Druck gegen a7 ausüben.
Die weißen Türme schwenken nach Belieben und kontrollieren das ganze Brett.
Schließlich fallen sie vereint über den schwarzen König her. Vorhang! Der
Endspielverlauf spricht für sich und bedarf keiner Kommentierung.} Rc8+ 68. Kb5
Kf7 69. R5g2 Rgg8 70. Rd2 Rc7 71. Rd4 Re8 72. Ka5 Ree7 73. b5 Kg7 74. Ka6 Rf7
75. Rgd1 Kh6 76. a5 Kh5 77. Rh1+ Kg4 78. Rg1+ Kh5 79. Rd8 Kh6 80. Rh8+ Kg7 81.
Rgh1 g5 82. R8h7+ Kg6 83. Rxf7 Rxf7 84. fxg5 1-0

[Event "EU-ch 4th"]
[Site "Istanbul"]
[Date "2003.06.06"]
[Round "7"]
[White "Arlandi, Ennio"]
[Black "Iljushin, Alexei"]
[Result "0-1"]
[WhiteElo "2456"]
[BlackElo "2556"]
[Annotator "Hecht,H"]
[PlyCount "108"]
[EventDate "2003.05.30"]
[EventType "swiss"]
[EventRounds "13"]
[EventCountry "TUR"]
[SourceTitle "CBM 096"]
[Source "ChessBase"]
[SourceDate "2003.09.25"]
[SourceVersion "1"]
[SourceVersionDate "2003.09.25"]
[SourceQuality "1"]

1. d4 e6 2. c4 f5 3. g3 Nf6 4. Bg2 c6 5. Qc2 d5 6. Nd2 Bd6 7. Nh3 O-O 8. O-O
Nbd7 9. cxd5 cxd5 10. Nf3 Nb8 11. Bf4 Nc6 12. Bxd6 Qxd6 13. Rfc1 Ne4 14. e3 Bd7
15. Nf4 Rfc8 16. Qd1 Be8 17. a3 g5 18. Nd3 Bh5 19. Rc2 Bxf3 20. Bxf3 Nf6 21.
Rac1 Ne7 22. Rxc8+ Rxc8 23. Rxc8+ Nxc8 24. Qc1 Qd8 25. Nc5 Qe7 26. e4 dxe4 27.
Bd1 b6 28. Nxe4 Nxe4 29. Qxc8+ Kg7 {Thema: Der aktive König; Taktik} 30. Bb3
Kf6 31. Qh8+ Kg6 32. Qe5 Nd2 33. Bd1 Nc4 34. Qe2 Na5 35. d5 Kf6 36. b4 Nb7 37.
dxe6 Qxe6 38. Qh5 Qf7 39. Qh6+ Qg6 40. Qf8+ Qf7 41. Qh8+ Qg7 42. Qb8 Qd7 43.
Bf3 Nd8 44. Qa8 g4 45. Bd5 {Bis hierher hat sich Schwarz mühsam verteidigen
müssen, um größeren Schaden zu vermeiden. Nun wird er offensiv, indem er
seinen König an die Front schickt!} Ke5 46. Bg8 Nc6 47. Kg2 h6 48. Bc4 Kd4 49.
Ba6 Qd5+ 50. Kg1 Ne5 51. Qh8 (51. Bb7 Nf3+ 52. Kh1 $11) 51... b5 52. Qg7 $2 (
52. Qxh6 $142) 52... Kc4 $1 {Hebt die Fesselung auf, räumt die d-Linie und
plant ganz nebenbei Kb3. Die Hauptdrohung ist freilich eine andere.} 53. Bb7 {
Zu spät, nachdem das Feld d1 der schwarzen Dame zugänglich geworden ist.} Nf3+
54. Kg2 Nh4+ 0-1

[Event "ARG-ch 72nd"]
[Site "Pinamar"]
[Date "2002.03.19"]
[Round "11"]
[White "Garcia Palermo, Carlos H"]
[Black "Peralta, Fernando"]
[Result "0-1"]
[WhiteElo "2467"]
[BlackElo "2490"]
[Annotator "Hecht,H"]
[PlyCount "126"]
[EventDate "2002.03.11"]
[EventType "tourn"]
[EventRounds "13"]
[EventCountry "ARG"]
[EventCategory "9"]
[SourceTitle "CBM 088"]
[Source "ChessBase"]
[SourceDate "2002.03.21"]
[SourceVersion "1"]
[SourceVersionDate "2002.03.21"]
[SourceQuality "1"]

1. d4 f5 2. g3 Nf6 3. Bg2 e6 4. Nf3 d5 5. O-O Bd6 6. c4 c6 7. Nbd2 O-O 8. c5
Bc7 9. b4 Nbd7 10. Bb2 Qe7 11. Nb3 e5 12. Nxe5 Nxe5 13. dxe5 Bxe5 14. Bxe5 Qxe5
15. e3 Bd7 16. Qd4 Qe7 17. a4 Be8 18. Rfe1 Ne4 19. f3 Ng5 20. Qc3 Rc8 21. Rac1
a6 22. Nd4 Bd7 23. h4 Nf7 24. e4 dxe4 25. fxe4 f4 26. Nf5 Bxf5 27. exf5 Qd7 28.
f6 Rfe8 29. gxf4 Qg4 30. Rxe8+ Rxe8 31. Re1 Rxe1+ 32. Qxe1 gxf6 33. b5 axb5 34.
axb5 cxb5 35. Qe8+ Kg7 36. Qxb5 Qxf4 37. Qd7 Qc1+ 38. Kh2 Qxc5 39. Qxb7 {
[#] Aktiver schwarzer König nach Lavierphase.} Qe5+ 40. Kh3 Qe3+ 41. Kh2 Qf4+
42. Kh3 f5 43. Bf3 Qe3 44. Kg2 Qd2+ 45. Kh3 Qe3 46. Kg2 Qd2+ 47. Kh3 Kf6 48.
Bd5 Qe3+ 49. Kg2 Qe2+ 50. Kg1 Qe1+ 51. Kg2 Qe2+ 52. Kg1 Qe3+ 53. Kg2 Nd6 54.
Qa8 Ke5 55. Bf3 Kf4 56. Qc6 Qd2+ 57. Kh3 Qd4 58. Kg2 Qd2+ 59. Kh3 Qd4 (59...
Ne4 60. Bxe4 Qe3+ 61. Kh2 Qg3+ 62. Kh1 Qxh4+ 63. Kg2 fxe4 64. Qc7+ $11) 60. Kg2
Ke3 61. h5 (61. Qc1+ Qd2+ 62. Qxd2+ Kxd2 63. Bd5 Ke3 $19) 61... Qd2+ 62. Kh3
Kf2 $1 63. Bg2 Qe3+ 0-1

[Event "RUS-Cup2"]
[Site "Moscow"]
[Date "1996.??.??"]
[Round "6"]
[White "Shipov, Sergei"]
[Black "Moskalenko, Viktor"]
[Result "1-0"]
[WhiteElo "2535"]
[BlackElo "2470"]
[Annotator "Kharitonov,A"]
[PlyCount "121"]
[EventDate "1996.11.28"]
[EventType "swiss"]
[EventRounds "9"]
[EventCountry "RUS"]
[SourceTitle "CBM 056 Extra"]
[Source "ChessBase"]
[SourceDate "1997.03.01"]
[SourceVersion "1"]
[SourceVersionDate "1997.03.01"]
[SourceQuality "1"]

1. d4 e6 2. c4 f5 3. g3 Nf6 4. Bg2 d5 5. Nh3 c6 6. Qc2 Bd6 7. O-O O-O 8. Bf4
Be7 9. Nd2 Nh5 $5 {N/} (9... h6 10. Bxb8 $1 $8 Rxb8 11. Nf4 Qe8 12. e3 Bd6 13.
Nd3 Qe7 14. Rab1 Bd7 15. b4 Be8 16. a4 Ne4 17. c5 $6 Bc7 18. b5 Nxd2 19. Qxd2
b6 $10 {Gleizerov,E-Moskalenko,V/Balatonbereny/1994/1:0/36/}) (9... Na6 10. a3
h6 11. b4 g5 12. Be5 Nd7 (12... Ng4 $5) 13. Nb3 Nxe5 14. dxe5 Bd7 15. e3 Rf7
$13 {Peng,Z-Prudnikova,S/YUG/1995/0,5/41/}) 10. Be3 Bd6 (10... g5 $5 11. Nb3 (
11. f4 h6 $13) 11... Bf6 $13) 11. Nf3 Nd7 (11... f4 $2 12. Bd2 {/\13.e3}) 12.
Rad1 Ndf6 $6 (12... Qe7 $5 {/\b6,Bb7+/=}) 13. Ne5 Ng4 14. Bg5 Qe8 15. Nd3 Qg6
$2 (15... h6 $5 16. Bc1 g5 17. f3 Nxh2 $5 (17... Ngf6 18. Rfe1 {/\e4+/-}) 18.
Kxh2 Nxg3 $13) 16. Ndf4 Nxf4 17. Bxf4 Bxf4 (17... Be7 18. f3 Nf6 19. Bc1 Bd7
20. Nf4 Qf7 21. e4 $16) 18. Nxf4 Qh6 19. h3 Nf6 20. Nd3 $16 g5 21. e3 {/\b4,
a4+/-} a5 $6 (21... Qg7) 22. a3 {/\23.b4} a4 $6 23. Rc1 (23. Nc5 f4 24. Nxa4
fxg3 25. fxg3 g4 $132) 23... Ne4 24. Ne5 Nd6 25. Qd2 Nf7 (25... Ne4 26. Qb4 $16
) 26. Nd3 Nd6 27. Ne5 Nf7 28. f4 Nxe5 29. dxe5 Qg7 30. Kh2 Kh8 31. Rg1 Rg8 32.
Bf3 Bd7 33. Qc3 g4 $6 (33... Be8 $5) 34. Be2 gxh3 (34... h5 35. hxg4 fxg4 (
35... hxg4 36. Kg2 Qe7 (36... Rgc8 37. Rh1+ Kg8 38. Rh5 $18) 37. cxd5 cxd5 38.
Qc7 $18) 36. Kg2 {/\Rh1,/\Bd3+/-}) 35. g4 $5 fxg4 36. Rxg4 Qf7 37. Rcg1 Rxg4
38. Rxg4 {/\39.Qb4;/\Bd3,Rh4} Rg8 (38... dxc4 39. Qxc4 $16) 39. cxd5 cxd5 40.
Qb4 Bc6 41. Rxg8+ Qxg8 42. Bf1 d4 $2 (42... Qe8 43. Bxh3 Kg7 44. Qd6 Bd7 $16)
43. Qxd4 Bg2 44. Bc4 Bc6 45. Qd2 $18 Be4 46. Bf1 Bf5 47. Qd7 Qg4 48. Qc8+ Kg7
49. Qxb7+ Kg6 50. Qb5 Qh4 51. Qe8+ Kg7 (51... Kh6 52. Qf8+ Kg6 53. Qg8+ Kh6 54.
Qg3 $18) 52. Qd7+ Kh8 53. Qd2 h5 54. Bb5 Kg7 55. Bxa4 Be4 56. Bd1 Kh6 57. b4
Qe7 58. Qd6 Qf7 59. Qd8 Qb7 60. Qh8+ Bh7 61. Qf8+ 1-0

[Event "Groningen op"]
[Site "Groningen"]
[Date "1993.??.??"]
[Round "6"]
[White "Douven, Rudy C"]
[Black "Vaisser, Anatoli"]
[Result "0-1"]
[WhiteElo "2405"]
[BlackElo "2580"]
[Annotator "Kharitonov,A"]
[PlyCount "66"]
[EventDate "1993.12.??"]
[EventType "swiss"]
[EventRounds "11"]
[EventCountry "NED"]
[SourceTitle "CBM 039"]
[Source "ChessBase"]
[SourceDate "1994.04.01"]
[SourceVersion "1"]
[SourceVersionDate "1994.04.01"]
[SourceQuality "1"]

1. d4 e6 2. c4 f5 3. g3 Nf6 4. Bg2 c6 5. Nf3 d5 6. O-O Bd6 7. Qc2 O-O 8. Ne5 b6
(8... Bd7 9. Nd3 Be8 10. Bf4 Bxf4 11. Nxf4 Qe7 12. Nd2 $14 {Kiselev,S-Moroz,A/
Gdynia/1992/1:0 (56) Inf 56/110/}) 9. Nd3 $146 (9. Nd2 Bb7 (9... Ba6 $5 10.
Ndf3 Qe7 11. Bf4 Rc8 $132) 10. Ndf3 Na6 (10... Qe7 $5) 11. Bf4 Rc8 12. cxd5
cxd5 13. Qb3 $14 {Kiselev,S-Agrest,E/Katowice/1992/1:0 (30) Inf 54/94/}) 9...
Ba6 10. c5 (10. b3 Qe7 11. Bb2 (11. Bf4 $5) 11... Nbd7 12. Nd2 Rac8 $10) 10...
bxc5 11. Nxc5 Bxc5 12. Qxc5 (12. dxc5 Nbd7 $15) 12... Qb6 $1 (12... Bxe2 13.
Re1) 13. Qc3 (13. Qxb6 axb6 $17) (13. Re1 Qxc5 14. dxc5 Nbd7 15. b4 e5 $15)
13... Nbd7 14. b4 (14. Re1 Ne4) 14... Ne4 15. Qb2 Rab8 $15 16. a3 Rbe8 17. Be3
(17. Bf4 g5 18. Be5 (18. Bxe4 gxf4 19. Bf3 fxg3 20. hxg3 f4 $1 $17) 18... Nxe5
19. dxe5 f4 $17) 17... Nd6 $1 18. Bf4 Nc4 19. Qc3 e5 20. dxe5 Ndxe5 21. Nd2 d4
$2 (21... Nxd2 $1 22. Qxd2 Ng6 23. Rfe1 Nxf4 24. gxf4 Re6 $13) 22. Nxc4 $1 Bxc4
(22... dxc3 23. Nxb6 axb6 24. Rfc1 Bxe2 25. Rxc3 $16) 23. Qb2 $6 (23. Qc2 $5 d3
$2 24. Qc3) (23. Qd2 $5 Ng6 24. Bd6 Bxe2 (24... Rxe2 25. Qc1) 25. Bxf8 $16)
23... Nf7 24. Rfe1 g5 $1 25. Bxg5 (25. Bc1 $5) 25... Nxg5 26. Qc1 Bxe2 27.
Qxg5+ Kh8 28. Rac1 d3 29. Bxc6 $2 (29. Qd2 Qd4 30. Rxc6 f4 $19) (29. Qf4 $5) (
29. Rc5 $5 $13) 29... Re6 30. Ba4 $2 (30. Bd5 $5 Re5 31. Bf3) (30. Bd5 Rd6 31.
Qe7 Qd8 32. Qe5+ Qf6 33. Qxf6+ Rfxf6 34. Bc4 d2 35. Bxe2 dxe1=Q+ 36. Rxe1 Rfe6
37. Kf1 Rd2 $17) 30... f4 31. Rc5 d2 32. Ra1 Qd8 $1 33. Qd5 Qf6 0-1

[Event "NOR-ch playoff"]
[Site "Gausdal"]
[Date "1999.07.10"]
[Round "1"]
[White "Johannessen, Leif Erlend"]
[Black "Ostenstad, Berge"]
[Result "0-1"]
[WhiteElo "2356"]
[BlackElo "2446"]
[Annotator "King,D"]
[PlyCount "64"]
[EventDate "1999.07.03"]
[EventType "match"]
[EventRounds "2"]
[EventCountry "NOR"]
[SourceTitle "CBM 071 Extra"]
[Source "ChessBase"]
[SourceDate "1999.09.14"]
[SourceVersion "1"]
[SourceVersionDate "1999.09.14"]
[SourceQuality "1"]

1. d4 e6 2. c4 f5 3. g3 Nf6 4. Bg2 c6 5. Nh3 d5 6. b3 Bb4+ 7. Bd2 Be7 8. e3 O-O
9. O-O b6 10. Nf4 a5 11. a4 Na6 12. Bc3 Nb4 13. Nd2 Qd6 14. Nf3 Ne4 15. Bb2 Ba6
16. Ne5 c5 17. Re1 Rad8 18. Bf1 Bf6 19. f3 Ng5 20. Kg2 Bxe5 21. dxe5 Qc6 22.
cxd5 Nxd5 23. Bb5 Nxf4+ 24. gxf4 Bxb5 25. axb5 Rd2+ {[%cal Rd8d2] Black was
winning anyway, but this 'collinear' move was a nice way to finish the game.}
26. Kg3 Qd5 27. fxg5 Rxd1 28. Raxd1 Qxb3 29. Ba1 f4+ 30. exf4 Qxb5 31. Rd6 Qa4
32. f5 Rxf5 0-1

[Event "Altensteig-A"]
[Site "Altensteig"]
[Date "1993.??.??"]
[Round "10"]
[White "Knaak, Rainer"]
[Black "Hansen, Lars Bo"]
[Result "1-0"]
[WhiteElo "2525"]
[BlackElo "2560"]
[Annotator "Knaak,R"]
[PlyCount "89"]
[EventDate "1993.07.07"]
[EventType "tourn"]
[EventRounds "11"]
[EventCountry "GER"]
[EventCategory "12"]
[SourceTitle "CBM 037"]
[Source "ChessBase"]
[SourceDate "1993.12.01"]
[SourceVersion "1"]
[SourceVersionDate "1993.12.01"]
[SourceQuality "1"]

1. d4 e6 2. c4 f5 3. g3 Nf6 4. Bg2 c6 5. Nf3 d5 6. O-O Bd6 7. b3 Qe7 8. Ne5
Nbd7 {Sehr verpflichtend, weil der Plan mit Ld7-e8-h5 nicht mehr geht und auch
b6 kaum noch spielbar ist.} 9. Bb2 $5 O-O 10. Nd2 Ne4 11. Ndf3 Nxe5 12. dxe5
Bc5 $6 (12... Ba3 13. Bxa3 Qxa3 14. Qc2 $14) 13. Ne1 f4 $6 14. gxf4 $16 Nxf2 (
14... Rxf4 15. Nd3 Rg4 16. Nxc5 Qg5 17. Nxe4 Rxg2+ 18. Kh1 dxe4 19. f4 $1 exf3
20. Rxf3 $16 {+-}) 15. Rxf2 Bxf2+ 16. Kxf2 Qc5+ 17. Bd4 Rxf4+ 18. Nf3 Qe7 19.
Kg1 Bd7 20. Qd2 Rg4 $6 21. h3 $1 Rg6 {Da steht er ganz schlecht.} 22. Be3 $1
Rf8 23. Qe1 $6 (23. c5 $18 {Hansen}) (23. Bxa7 $18) 23... d4 24. Bd2 d3 25. Nh4
Qc5+ 26. Kh1 Rxg2 27. Nxg2 Qxe5 28. exd3 Qd4 29. Be3 $1 Qd6 30. Qe2 e5 31. h4
Bf5 32. Re1 Qg6 33. Bxa7 e4 34. dxe4 Bg4 35. Qd2 Bf3 36. Qg5 Qe6 37. Qg3 Qd7
38. Bc5 Rf6 39. Rf1 b6 40. Rxf3 Qd1+ 41. Kh2 Rxf3 42. Qb8+ Kf7 43. Qf8+ Kg6 44.
Qe8+ (44. Nf4+ $1 Kh6 (44... Rxf4 45. Qxf4 bxc5 46. Qf5+ Kh6 47. Qg5#) 45. Qf6+
gxf6 46. Bf8# {Jusupow}) 44... Kh6 45. Be3+ 1-0

[Event "Thaelmann Memorial"]
[Site "Berlin East"]
[Date "1988.??.??"]
[Round "1"]
[White "Boensch, Uwe"]
[Black "Knaak, Rainer"]
[Result "1/2-1/2"]
[WhiteElo "2575"]
[BlackElo "2525"]
[Annotator "Knaak,R"]
[PlyCount "39"]
[EventDate "1988.04.05"]
[EventType "tourn"]
[EventRounds "9"]
[EventCountry "DDR"]
[EventCategory "11"]
[SourceTitle "EXT 2001"]
[Source "ChessBase"]
[SourceDate "2000.11.22"]
[SourceVersion "1"]
[SourceVersionDate "2000.11.22"]
[SourceQuality "1"]

1. d4 e6 2. c4 f5 3. g3 Nf6 4. Bg2 d5 5. Bg5 c6 6. Nd2 Bd6 7. Nh3 O-O 8. O-O h6
9. Bf4 Be7 10. Bxb8 Rxb8 11. Nf4 Qe8 12. e3 b6 13. Rc1 Bd6 14. Qa4 $6 Bd7 $1
15. cxd5 $2 cxd5 $17 16. Qc2 Ba4 17. Nb3 $8 Rf7 18. Nd3 Ne4 $2 (18... g5 {/\ h5
}) 19. f3 Nf6 20. Qd2 $15 1/2-1/2

[Event "Elbow Beach Club GM-A"]
[Site "Paget Parish"]
[Date "2001.01.26"]
[Round "7"]
[White "Gershon, Alik"]
[Black "Shabalov, Alexander"]
[Result "1-0"]
[WhiteElo "2578"]
[BlackElo "2582"]
[Annotator "Konikowski,J"]
[PlyCount "55"]
[EventDate "2001.01.20"]
[EventType "tourn"]
[EventRounds "10"]
[EventCountry "BER"]
[EventCategory "13"]
[SourceTitle "CBM 081"]
[Source "ChessBase"]
[SourceDate "2001.03.20"]
[SourceVersion "1"]
[SourceVersionDate "2001.03.20"]
[SourceQuality "1"]

1. d4 e6 2. c4 f5 3. g3 Nf6 4. Bg2 c6 5. Nf3 d5 6. Bf4 Be7 7. O-O O-O 8. Nbd2 (
8. Qc2 Ne4 9. Nc3 Nd7 10. Ne5 Nxe5 11. Bxe5 Nd6 12. cxd5 exd5 13. Rad1 Nf7 14.
Bf4 Bf6 15. b4 b5 16. a4 a6 17. Na2 Bd7 18. Nc1 Qe7 19. Nb3 Qxb4 20. Nc5 Bc8
21. e3 Qa5 22. Ra1 b4 $11 {Meduna,E-Priehoda,V/Novy Smokovec 1992/}) 8... b6 (
8... Ne4 9. Rc1 g5 10. Bxb8 Nxd2 11. Qxd2 Rxb8 12. b4 Bd7 13. Ne5 Bf6 14. Qe3
Be8 15. b5 cxb5 16. cxd5 exd5 17. Rc5 Bc6 18. Nxc6 bxc6 19. Rxc6 Re8 20. Qd3
Kh8 21. Rfc1 Bg7 22. R6c5 Qe7 23. R1c2 f4 24. Rxd5 $16 {Romanishin,O-Sielaff,M/
Dresden 1998/}) (8... Nbd7 $5 9. Qc2 Ne4 10. Ne5 Nxe5 11. Bxe5 Nd6 12. Bxd6
Qxd6 13. Rac1 Bf6 14. Nf3 Bd7 $11 {Lalic,B-Schmittdiel,E/Woerishofen/1995/}) 9.
Qc2 $146 {[%mdl 8]} (9. Rc1 Ne8 10. h4 Nd7 11. cxd5 cxd5 12. Qc2 Bb7 13. Ng5
Rf6 14. Ndf3 h6 15. Nh3 Nf8 16. Ne5 Bd6 17. Nc6 Qd7 18. Bxd6 Qxd6 19. Ne5 Nd7
20. Nxd7 Qxd7 21. h5 Rf8 22. Nf4 $14 {Pessi,J-Vaatainen,T/Jyvaskyla 1993/})
9... Bb7 10. Rac1 Ne4 11. Ne5 Nd7 12. cxd5 Nxe5 $2 {[%mdl 16384]} (12... cxd5
$142 13. Qc7 Nxe5 14. Qxe5 $14) 13. d6 $1 Nxd6 (13... Bxd6 14. Nxe4 Nf7 (14...
Nf3+ 15. Bxf3 Bxf4 16. gxf4 fxe4 17. Qxe4 $16) 15. Nxd6 Nxd6 16. Rfd1 $16) 14.
dxe5 Nb5 (14... Nf7 15. h4 $16) 15. Nb3 (15. Bxc6 $2 Rc8 16. Qb3 Rxc6 17. Qxb5
Rxc1 18. Rxc1 g5 19. Be3 f4 $19) 15... g5 (15... Rc8 16. Rfd1 Qe8 17. Qc4 (17.
a4 $5) 17... Qf7 18. Rd7 Rc7 19. Rcd1 Rxd7 20. Rxd7 Bc8 21. Bxc6 $1 Bxd7 22.
Bxd7 $18) 16. a4 Rc8 (16... Na3 $142 $5 17. bxa3 gxf4 $14) 17. Rfd1 Qe8 18. Bd2
Nc7 19. Bxc6 Bxc6 20. Qxc6 Kf7 21. Nd4 h6 22. Qb7 Nd5 (22... Qxa4 23. Be1 $1
Rfd8 24. b3 Qd7 25. Nxf5 Qxd1 26. Rxd1 Rxd1 27. Nxh6+ Kg6 28. Qxc8 Rxe1+ 29.
Kg2 Kxh6 30. Qxc7 Bc5 31. e3 a5 32. Qf7 $18) 23. Nxf5 $3 {[%mdl 512]} Rxc1 24.
Bxc1 (24. Rxc1 $5) 24... Kg6 25. Rxd5 Rxf5 (25... exd5 26. Nxe7+ Kh5 27. f3 g4
(27... Rf7 28. g4+ Kh4 29. Kg2 Rxe7 30. Be3 Rxb7 31. Bf2#) 28. Kg2 Rf7 29.
fxg4+ Kxg4 30. h3+ Kh5 31. g4+ Kh4 32. Ng6#) 26. Rd7 Bc5 27. Rg7+ Kh5 28. g4+
$1 (28. g4+ Kh4 (28... Kxg4 29. Qg2+ Kh4 30. Qg3+ Kh5 31. Qh3#) 29. gxf5 Bb4
30. Qe4+ Kh3 31. Qf3+ Kh4 32. Qg3+ Kh5 33. Qh3#) 1-0